000 00533nam a2200157Ia 4500
008 210716s2009 xx 000 0 und d
020 _a9780070221635
041 _aeng
082 _a658.7 RANN
100 _aRangaraj, Narayan; Raghuram, G; Srinivasan, Mandyam M.
245 _aSupply chain management for competitive advantage: concepts and cases.
_bConcepts and cases.
250 _a1
260 _aNew Delhi
_bTata McGraw Hill Publishing Company Ltd
_c2009
300 _axiv,535
650 _aLogistics & Supply chain Management
999 _c205292
_d205292